Guess the Taylor Swift song by the first line #4 - Statistics

General Stats
  • This quiz has been taken 1,376 times
  • The average score is 12 of 15
Answer Stats
First line Song % Correct
" I stay out too late, got nothing in my brain " Shake It Off
98%
" I remember when we broke up, the first time, saying: This is it, I’ve had enough! ‘Cause, like " We Are Never Ever Getting Back Together
95%
" Rain, he wanted it comfortable, I wanted that pain " Midnight Rain
93%
" I would be complex, I would be cool, they'd say I played the field before I found someone to commit to " The Man
93%
" You are somebody that I don't know, but you're taking shots at me like it's Patrón " You Need To Calm Down
89%
" Rebekah rode up on the afternoon train, it was sunny " the last great american dynasty
84%
" Once upon a time, a few mistakes ago, I was in your sights " I Knew You Were Trouble
83%
" I'm so glad you made time to see me, how's life? Tell me, how's your family? " Back To December
80%
" The drought was the very worst, (Oh-oh, oh-oh), when the flowers that we'd grown t, wogether died of thirst " Clean
78%
" Friends break up, friends get married, strangers get born, strangers get buried " right where you left me
78%
" Our secret moments in your crowded room, they've got no idea about me and you " Dress
76%
" If you would've blinked then I would've, looked away at the first glance " Would've, Could've, Should've
73%
" You take a deep breath, and you walk through the doors, it's the morning of your very first day " Fifteen
68%
" Once upon a time, I believe it was a Tuesday when I caught your eye, and we caught onto something " Forever And Always
57%
" One night a few moons ago, I saw flecks of what could've been lights " Snow On The Beach
54%
No matching quizzes found
Score Distribution
Percent of People with Each Score
Percentile by Number Answered
Your Score History
You have not taken this quiz